000 00564nam a2200193Ia 4500
005 20250423095237.0
008 250422s9999 xx 000 0 und d
020 _a9781292021799
050 _aHC 79 .E5 .T525/
100 _aTietenberg, Thomas H.
245 0 _aEnvironmental & natural resource economics
250 _a9th ed
260 _aBoston
260 _bPearson
260 _c2014
300 _a630 p
650 _aEnvironmental economics. Environmental policy. Natural resources--Government policy. Raw materials--Government policy.
942 _cBK
999 _c29680
_d29680